[Event "8th EUR-ch (w)"]
[Site "Dresden GER"]
[Date "2007.04.08"]
[Round "6"]
[White "Kachiani-Gersinska, Ketino"]
[Black "Schone, Maria"]
[Result "1/2-1/2"]
[WhiteElo "2375"]
[BlackElo "2151"]
[EventDate "2007.04.03"]
[PlyCount "83"]

1.d4 Nf6 2.c4 g6 3.Nc3 Bg7 4.e4 d6 5.Be2 O-O 6.Bg5 h6 7.Be3 Nbd7 8.Qd2 c5 
9.d5 Kh7 10.Nf3 a6 11.a4 Qa5 12.O-O Ng4 13.Bf4 Nge5 14.Nxe5 Nxe5 15.Qc1 
Qd8 16.Bd2 g5 17.a5 Bd7 18.Na4 Bxa4 19.Rxa4 Ng6 20.b4 cxb4 21.Rxb4 Qxa5 
22.Rxb7 Qc5 23.Bh5 Ra7 24.Bb4 Qd4 25.Bc3 Qc5 26.Bb4 Qd4 27.Bxg6+ Kxg6 28.
Rxa7 Qxa7 29.c5 dxc5 30.Bxc5 Qb7 31.Qa3 Re8 32.h4 Be5 33.Qh3 e6 34.dxe6 
fxe6 35.h5+ Kg7 36.Qd3 Qc7 37.Bd4 Re7 38.Bxe5+ Qxe5 39.Qxa6 Qxe4 40.Qa1+ 
Kh7 41.Qf6 Rg7 42.g3 1/2-1/2

[Event "8th EUR-ch (w)"]
[Site "Dresden GER"]
[Date "2007.04.08"]
[Round "6"]
[White "Mkrtchian, Lilit"]
[Black "Srebrnic, Ana"]
[Result "1/2-1/2"]
[WhiteElo "2424"]
[BlackElo "2262"]
[EventDate "2007.04.03"]
[PlyCount "23"]

1.d4 Nf6 2.Nf3 g6 3.c4 Bg7 4.g3 d6 5.Bg2 O-O 6.Nc3 c6 7.O-O Qb6 8.a3 Qa6 
9.Qb3 Nbd7 10.e4 e5 11.dxe5 Nxe5 12.Nxe5 1/2-1/2

[Event "8th EUR-ch (w)"]
[Site "Dresden GER"]
[Date "2007.04.08"]
[Round "6"]
[White "Collas, Silvia"]
[Black "Paulet, Iozefina"]
[Result "1/2-1/2"]
[WhiteElo "2401"]
[BlackElo "2241"]
[EventDate "2007.04.03"]
[PlyCount "120"]

1.Nf3 c5 2.c4 Nc6 3.d4 cxd4 4.Nxd4 Nf6 5.Nc3 d6 6.e4 g6 7.Be2 Nxd4 8.Qxd4 
Bg7 9.Bg5 O-O 10.Qd2 Be6 11.Rc1 a6 12.b3 Qa5 13.f3 Rfc8 14.Na4 Qxd2+ 15.
Kxd2 Rc6 16.g4 h6 17.Be3 Rac8 18.Nb6 Rb8 19.a4 Nd7 20.Nxd7 Bxd7 21.a5 Be6 
22.Rhd1 Rbc8 23.f4 f5 24.exf5 gxf5 25.h3 Bb2 26.Rc2 Ba3 27.Bf3 Bb4+ 28.Kc1
Bc5 29.Bd2 R6c7 30.Re1 Bf7 31.gxf5 d5 32.Bc3 dxc4 33.b4 Bd6 34.Kb2 Bxf4 
35.h4 Kf8 36.Rg2 h5 37.Rg7 Bd2 38.Reg1 Bxc3+ 39.Kxc3 Rd8 40.Be4 Rd6 41.Rh7
Ke8 42.Bc2 e5 43.Rgg7 Kf8 44.Rg5 Rcd7 45.Be4 Ke8 46.f6 Rxf6 47.Rxe5+ Kf8 
48.Rexh5 Bxh5 49.Rxd7 b5 50.Bb7 Ke8 51.Rc7 Bf3 52.Bc8 Kd8 53.Rc5 Rh6 54.
Kd2 Bg2 55.h5 Bf3 56.Ke3 Bxh5 57.Bxa6 Re6+ 58.Kd4 Rd6+ 59.Ke3 Re6+ 60.Kd4 
Rd6+ 1/2-1/2

[Event "8th EUR-ch (w)"]
[Site "Dresden GER"]
[Date "2007.04.08"]
[Round "6"]
[White "Sudakova, Irina"]
[Black "Leite, Catarina"]
[Result "1-0"]
[WhiteElo "2371"]
[BlackElo "2232"]
[EventDate "2007.04.03"]
[PlyCount "159"]

1.e4 e5 2.Nf3 Nc6 3.Bb5 a6 4.Ba4 Nf6 5.O-O b5 6.Bb3 Bc5 7.a4 Rb8 8.c3 d6 
9.d4 Bb6 10.axb5 axb5 11.h3 O-O 12.Be3 Bd7 13.Nbd2 Re8 14.Qe2 h6 15.Rfd1 
Qe7 16.d5 Na5 17.Bxb6 cxb6 18.Bc2 Rec8 19.Bd3 Qe8 20.b4 Nc4 21.Nxc4 bxc4 
22.Bxc4 b5 23.Bd3 Rxc3 24.Ra6 Qc8 25.Rxd6 Qc7 26.Ra6 Nh5 27.Qe3 Bc8 28.Rc6
Rxc6 29.dxc6 Qxc6 30.Nxe5 Qf6 31.Qc5 Nf4 32.Bf1 Be6 33.Nd7 Bxd7 34.Rxd7 
Re8 35.g3 Ng6 36.Qf5 Qxf5 37.exf5 Ne5 38.Rd5 Nf3+ 39.Kh1 Ra8 40.Bxb5 Ra1+ 
41.Kg2 Ne1+ 42.Kf1 Nc2+ 43.Ke2 Ra7 44.Rd8+ Kh7 45.f6 Nxb4 46.Rd4 Ra2+ 47.
Kd1 Rb2 48.Kc1 Rb3 49.Ba4 Na2+ 50.Kd2 Rf3 51.fxg7 Kxg7 52.Ke2 Rf6 53.Bc2 
Nc3+ 54.Kd2 Nb5 55.Rg4+ Kf8 56.Ke3 Nd6 57.Ra4 Kg7 58.f4 Nb7 59.Ra7 Nc5 60.
Rc7 Ne6 61.Rc8 Nf8 62.Bb3 Ng6 63.Rc7 h5 64.h4 Nf8 65.Rc5 Ra6 66.Rg5+ Rg6 
67.f5 Rxg5 68.hxg5 f6 69.Kf4 Nh7 70.g6 Nf8 71.Ba4 Kh6 72.Be8 Kg7 73.Ke4 
Kh6 74.Kd5 Kg7 75.Kd6 Kg8 76.Ke7 Kg7 77.Bf7 Nxg6+ 78.Bxg6 Kh6 79.Kxf6 h4 
80.g4 1-0

[Event "8th EUR-ch (w)"]
[Site "Dresden GER"]
[Date "2007.04.08"]
[Round "6"]
[White "Pokorna, Regina"]
[Black "Daulyte, Deimante"]
[Result "0-1"]
[WhiteElo "2343"]
[BlackElo "2224"]
[EventDate "2007.04.03"]
[PlyCount "72"]

1.e4 c5 2.Nf3 d6 3.d4 cxd4 4.Nxd4 Nf6 5.Nc3 g6 6.Bc4 Bg7 7.O-O O-O 8.Bb3 
Nc6 9.Re1 Bd7 10.Bg5 h6 11.Bh4 Rc8 12.Nxc6 Bxc6 13.Qd2 Nd7 14.Rad1 Nc5 15.
Qe3 Qc7 16.e5 Bxe5 17.Qxh6 Nxb3 18.axb3 Rfe8 19.Rxe5 dxe5 20.Rd3 Qa5 21.f4
exf4 22.Qxf4 Qf5 23.Qd2 Kg7 24.Bg5 f6 25.Be3 b6 26.Ne2 e5 27.Ng3 Qe6 28.
Qd1 Rc7 29.h4 Rd7 30.h5 Rxd3 31.Qxd3 f5 32.Bg5 f4 33.Nf1 gxh5 34.Nh2 Qg6 
35.Qc3 Bxg2 36.Qc7+ Kh8 0-1

[Event "8th EUR-ch (w)"]
[Site "Dresden GER"]
[Date "2007.04.08"]
[Round "6"]
[White "Medic, Mirjana"]
[Black "Zdebskaya, Natalia"]
[Result "1/2-1/2"]
[WhiteElo "2265"]
[BlackElo "2335"]
[EventDate "2007.04.03"]
[PlyCount "97"]

1.d4 Nf6 2.c4 e6 3.Nf3 b6 4.Nc3 Bb7 5.a3 d5 6.cxd5 Nxd5 7.Qc2 Be7 8.e4 
Nxc3 9.bxc3 c5 10.Bd3 O-O 11.O-O Qc8 12.Qe2 Ba6 13.Be3 Bxd3 14.Qxd3 Qa6 
15.Qxa6 Nxa6 16.Rfc1 Rac8 17.Kf1 Rfd8 18.Ke2 Kf8 19.Ra2 Ke8 20.Rd1 f6 21.
Ne1 cxd4 22.cxd4 Rc3 23.Rd3 Rc4 24.Rc2 Rdc8 25.Kd2 Kd7 26.Rxc4 Rxc4 27.Nc2
Nc7 28.Rb3 Ra4 29.f3 Kc6 30.Kd3 Ra5 31.Bd2 Rb5 32.d5+ Kb7 33.Rxb5 Nxb5 34.
a4 Nc7 35.Kc4 exd5+ 36.exd5 Kc8 37.Nd4 Kd7 38.a5 bxa5 39.Bxa5 Bd6 40.Nc6 
Bxh2 41.Nxa7 Ne8 42.Nc6 Nd6+ 43.Kd3 Nf7 44.Bb4 Ne5+ 45.Nxe5+ Bxe5 46.Ke4 
Bb2 47.f4 g6 48.f5 Ba1 49.g4 1/2-1/2

[Event "8th EUR-ch (w)"]
[Site "Dresden GER"]
[Date "2007.04.08"]
[Round "6"]
[White "Gromova, Yulia"]
[Black "Klinova, Masha"]
[Result "0-1"]
[WhiteElo "2252"]
[BlackElo "2330"]
[EventDate "2007.04.03"]
[PlyCount "50"]

1.d4 d6 2.e4 Nf6 3.f3 e5 4.Ne2 Be7 5.c4 O-O 6.Be3 c6 7.d5 a6 8.Nec3 b5 9.
dxc6 bxc4 10.Na3 Nxc6 11.Nxc4 Be6 12.Qd2 d5 13.exd5 Nxd5 14.Nxd5 Bxd5 15.
O-O-O Be6 16.Qxd8 Rfxd8 17.Be2 Nd4 18.Bd3 f6 19.b3 Bc5 20.Kb2 a5 21.f4 a4 
22.b4 Bxb4 23.fxe5 a3+ 24.Kb1 Rab8 25.exf6 Bd2+ 0-1

[Event "8th EUR-ch (w)"]
[Site "Dresden GER"]
[Date "2007.04.08"]
[Round "6"]
[White "Schuurman, Petra"]
[Black "Nemcova, Katerina"]
[Result "1-0"]
[WhiteElo "2295"]
[BlackElo "2164"]
[EventDate "2007.04.03"]
[PlyCount "103"]

1.d4 Nf6 2.c4 g6 3.Nc3 Bg7 4.e4 d6 5.Nf3 O-O 6.h3 Na6 7.Bg5 Qe8 8.Be2 e5 
9.d5 Nc5 10.Nd2 a5 11.g4 c6 12.h4 Kh8 13.h5 Ng8 14.Be3 Qe7 15.Nf1 g5 16.
Qd2 h6 17.O-O-O Nf6 18.f3 Rd8 19.dxc6 Be6 20.cxb7 Nxb7 21.Nd5 Nxd5 22.cxd5
Bd7 23.Kb1 Rdc8 24.Ng3 Qd8 25.Rc1 Bf8 26.Rxc8 Rxc8 27.Ba6 Rb8 28.Bxb7 Rxb7
29.Rc1 Be7 30.Nf5 Bxf5 31.gxf5 Qb8 32.Rc6 Kg7 33.Qc2 Bd8 34.Bc1 Bc7 35.Qc3
Kh7 36.Qc2 Kg7 37.Rc3 Qa7 38.Be3 Qb8 39.Rb3 Rxb3 40.Qxb3 Qc8 41.Qb5 Kf6 
42.Bd2 Qa8 43.a4 Qa7 44.Qc6 Ke7 45.Be3 Qb8 46.Qb5 Qa8 47.Ka2 f6 48.Ka3 Kd8
49.b4 Ke7 50.Kb3 Qd8 51.Qb7 Qd7 52.b5 1-0

[Event "8th EUR-ch (w)"]
[Site "Dresden GER"]
[Date "2007.04.08"]
[Round "6"]
[White "Vogel, Heike"]
[Black "Muzychuk, Maria"]
[Result "0-1"]
[WhiteElo "2156"]
[BlackElo "2293"]
[EventDate "2007.04.03"]
[PlyCount "50"]

1.d4 Nf6 2.Nf3 c5 3.e3 e6 4.Bd3 b6 5.Qe2 Bb7 6.Nbd2 cxd4 7.exd4 Be7 8.c3 
O-O 9.h4 Qc7 10.Ng5 h6 11.Ndf3 Nc6 12.Ne5 d6 13.Ng4 Rfe8 14.Nxf6+ Bxf6 15.
Nh7 Bd8 16.Rh3 f5 17.Bxh6 Kxh7 18.Bxg7 Qf7 19.Rg3 Rg8 20.d5 exd5 21.Qf3 
Rxg7 22.Bxf5+ Kh8 23.Qf4 Qf6 24.Rg5 Rxg5 25.hxg5 Qe5+ 0-1

[Event "8th EUR-ch (w)"]
[Site "Dresden GER"]
[Date "2007.04.08"]
[Round "6"]
[White "Van Weersel, Arlette"]
[Black "Petrenko, Svetlana"]
[Result "1/2-1/2"]
[WhiteElo "2156"]
[BlackElo "2289"]
[EventDate "2007.04.03"]
[PlyCount "104"]

1.e4 c5 2.c4 Nc6 3.Ne2 Nf6 4.Nbc3 e6 5.d4 cxd4 6.Nxd4 Bb4 7.Nxc6 bxc6 8.
Bd3 e5 9.O-O O-O 10.Qf3 Bxc3 11.bxc3 d6 12.Bg5 h6 13.Bxf6 Qxf6 14.Qxf6 
gxf6 15.Rab1 Be6 16.Rb7 d5 17.c5 dxe4 18.Bxe4 Rfc8 19.g3 f5 20.Bg2 Bxa2 
21.Ra1 Bc4 22.Raxa7 Rxa7 23.Rxa7 Rb8 24.Bxc6 Rb1+ 25.Kg2 Bf1+ 26.Kf3 Rd1 
27.Rd7 Rc1 28.Ke3 Rxc3+ 29.Kd2 Rxc5 30.Bd5 Bc4 31.Bxc4 Rxc4 32.Rd5 f6 33.
Rd7 h5 34.Ke3 Rc3+ 35.Ke2 h4 36.Ra7 h3 37.Ra4 Rc7 38.Kf3 Rc3+ 39.Ke2 e4 
40.Ra5 Rf3 41.Ra7 f4 42.gxf4 f5 43.Ra5 Rxf4 44.Ra3 Rh4 45.Ra7 Rh6 46.f3 
Rg6 47.fxe4 fxe4 48.Ke3 Rg2 49.Kxe4 Rxh2 50.Ra1 Rf2 51.Rh1 h2 52.Ke3 Ra2 
1/2-1/2

[Event "8th EUR-ch (w)"]
[Site "Dresden GER"]
[Date "2007.04.08"]
[Round "6"]
[White "Kulovana, Eva"]
[Black "Shukurova, Meihriban"]
[Result "0-1"]
[WhiteElo "2267"]
[BlackElo "2193"]
[EventDate "2007.04.03"]
[PlyCount "96"]

1.e4 e5 2.Nf3 Nc6 3.Bb5 a6 4.Ba4 Nf6 5.d3 d6 6.c3 h6 7.Nbd2 g6 8.Nf1 Bg7 
9.Ng3 O-O 10.O-O b5 11.Bc2 d5 12.Qe2 Re8 13.a4 b4 14.a5 Rb8 15.Ba4 Bd7 16.
Bd2 bxc3 17.bxc3 Rb2 18.Rfd1 Qe7 19.Qe1 dxe4 20.dxe4 Qe6 21.Bc1 Ra2 22.Be3
Bf8 23.h3 Rb2 24.Qf1 Nb8 25.Bxd7 Nbxd7 26.Rdb1 Reb8 27.Rxb2 Rxb2 28.Qc1 
Qb3 29.Nd2 Qc2 30.Nc4 Ra2 31.Rxa2 Qxa2 32.Qf1 h5 33.Qd3 Kg7 34.Nf1 Bc5 35.
f3 h4 36.Nfd2 Qa1+ 37.Kf2 Bxe3+ 38.Qxe3 Nh5 39.Qg5 Qxc3 40.Qxh4 Nc5 41.g3 
Qd4+ 42.Ke2 Qg1 43.Nf1 Qg2+ 44.Ke1 Nd3+ 45.Kd1 Qxf1+ 46.Kd2 Qxf3 47.Qg4 
Qf2+ 48.Kc3 Qd4+ 0-1

[Event "8th EUR-ch (w)"]
[Site "Dresden GER"]
[Date "2007.04.08"]
[Round "6"]
[White "Dergatschova-Daus, Anna"]
[Black "Vasilkova, Svetlana"]
[Result "1-0"]
[WhiteElo "2230"]
[BlackElo "2346"]
[EventDate "2007.04.03"]
[PlyCount "107"]

1.e4 c5 2.Nf3 d6 3.d4 cxd4 4.Nxd4 Nf6 5.Nc3 a6 6.g3 e5 7.Nb3 b5 8.Bg2 Bb7 
9.Bg5 Nbd7 10.O-O Be7 11.Nd2 h6 12.Be3 Nb6 13.a4 Nc4 14.Nxc4 bxc4 15.a5 
O-O 16.Qe2 Qc7 17.Rfd1 Rac8 18.Bb6 Qc6 19.f3 Bd8 20.Be3 Qd7 21.Qf1 Qc7 22.
Bh3 Rb8 23.Ba7 Ra8 24.Bb6 Qc6 25.Be3 Bc8 26.Bxc8 Rxc8 27.Ra4 Re8 28.Rd2 
Re7 29.Ra1 Rb7 30.Ra2 Rcb8 31.Qc1 Bc7 32.g4 Bd8 33.h4 Qd7 34.g5 hxg5 35.
hxg5 Nh5 36.Rh2 g6 37.Nd5 Rb5 38.Nb6 Bxb6 39.axb6 d5 40.exd5 Rxd5 41.Rd2 
Rd8 42.Rxd5 Qxd5 43.Kf2 Nf4 44.Rxa6 Qb5 45.Ra2 c3 46.Qf1 Qd5 47.b3 Ne6 48.
Qd3 Nd4 49.Qe4 Qb5 50.Bxd4 Rxd4 51.Ra8+ Kg7 52.Qe1 Rd2+ 53.Kg3 Re2 54.Qh1 
1-0

[Event "8th EUR-ch (w)"]
[Site "Dresden GER"]
[Date "2007.04.08"]
[Round "6"]
[White "Topel, Zehra"]
[Black "Calzetta Ruiz, Monica"]
[Result "1/2-1/2"]
[WhiteElo "2224"]
[BlackElo "2340"]
[EventDate "2007.04.03"]
[PlyCount "88"]

1.d4 Nf6 2.c4 c5 3.e3 d6 4.Nc3 Nbd7 5.g3 g6 6.Bg2 Bg7 7.Nge2 O-O 8.O-O Rb8
9.b3 a6 10.a4 b6 11.Ra2 Ne8 12.f4 e6 13.Ba3 Bb7 14.e4 cxd4 15.Nxd4 Qc7 16.
Nde2 Nc5 17.Rd2 Nf6 18.Rxd6 Ng4 19.Bc1 Nxb3 20.h3 Nxc1 21.hxg4 Nxe2+ 22.
Nxe2 Qxc4 23.e5 Bxg2 24.Kxg2 Rfc8 25.Kh3 Bf8 26.Rd7 Rc7 27.Rd2 b5 28.axb5 
axb5 29.f5 exf5 30.gxf5 Rc5 31.Rd4 Qc2 32.Qxc2 Rxc2 33.Nf4 Bc5 34.Rd7 b4 
35.e6 fxe6 36.fxg6 hxg6 37.Nxe6 Bf2 38.Rg7+ Kh8 39.Rh1 Rb5 40.g4 g5 41.Rd1
Bb6 42.Rf1 Rc3+ 43.Kg2 Rc2+ 44.Kh3 Rc3+ 1/2-1/2

[Event "8th EUR-ch (w)"]
[Site "Dresden GER"]
[Date "2007.04.08"]
[Round "6"]
[White "Benderac, Ana"]
[Black "Mader, Manuela"]
[Result "1-0"]
[WhiteElo "2314"]
[BlackElo "2223"]
[EventDate "2007.04.03"]
[PlyCount "77"]

1.d4 Nf6 2.Bg5 h6 3.Bxf6 exf6 4.c3 d5 5.e3 Bd6 6.Bd3 c6 7.Nd2 Be6 8.Ne2 
Nd7 9.Nf4 Qe7 10.g3 Nf8 11.Qf3 Bd7 12.O-O-O Ne6 13.Kb1 O-O-O 14.c4 Nxf4 
15.gxf4 dxc4 16.Nxc4 Bc7 17.Rd2 f5 18.Rc1 Be6 19.Qd1 Bd5 20.Rdc2 Be4 21.
Ka1 f6 22.Bxe4 Qxe4 23.b4 Qd5 24.a4 Rd7 25.Nd2 Kb8 26.Rc5 Qd6 27.Qb3 Bb6 
28.R5c4 g5 29.a5 Bc7 30.fxg5 fxg5 31.Rc5 f4 32.b5 cxb5 33.Rxb5 Bd8 34.Ne4 
Qe7 35.Nc5 a6 36.Nxd7+ Qxd7 37.Rd5 Qh3 38.Qc4 fxe3 39.Rxd8+ 1-0

[Event "8th EUR-ch (w)"]
[Site "Dresden GER"]
[Date "2007.04.08"]
[Round "6"]
[White "Mamedyarova, Turkan"]
[Black "Mira, Helene"]
[Result "1-0"]
[WhiteElo "2293"]
[BlackElo "2171"]
[EventDate "2007.04.03"]
[PlyCount "103"]

1.e4 e5 2.Nf3 Nc6 3.Nc3 Nf6 4.d4 exd4 5.Nxd4 Bb4 6.Nxc6 bxc6 7.Bd3 d5 8.
exd5 cxd5 9.O-O O-O 10.Bg5 c6 11.h3 h6 12.Bh4 Bd6 13.Ne2 c5 14.c4 dxc4 15.
Bxc4 Rb8 16.Qc2 Be5 17.Rab1 Qb6 18.Kh1 Bb7 19.f3 Ba6 20.Bf2 Bxc4 21.Qxc4 
Qb5 22.Qc2 Rfe8 23.b3 Rbc8 24.a4 Qa6 25.Rfd1 Bd4 26.Nxd4 cxd4 27.Qd3 Qxd3 
28.Rxd3 Re2 29.Bxd4 Nh5 30.Re3 Rd2 31.Bc3 Rc2 32.Be5 Rd8 33.Rg1 Rdd2 34.
Kh2 g5 35.h4 f6 36.Bg3 Kf7 37.Kh3 f5 38.Re5 f4 39.Be1 Rd1 40.hxg5 hxg5 41.
Rxg5 Nf6 42.Bf2 Rd3 43.Bh4 Rxb3 44.Rf5 Rb6 45.Rxf4 Ra2 46.Rc1 Kg6 47.Rxf6+
Rxf6 48.Bxf6 Kxf6 49.Rc6+ Kg5 50.Ra6 Kf4 51.Rxa7 Ra1 52.Kh2 1-0

[Event "8th EUR-ch (w)"]
[Site "Dresden GER"]
[Date "2007.04.08"]
[Round "6"]
[White "Isgandarova, Khayala"]
[Black "Cherednichenko, Svetlana"]
[Result "1/2-1/2"]
[WhiteElo "2155"]
[BlackElo "2280"]
[EventDate "2007.04.03"]
[PlyCount "108"]

1.e4 e6 2.d4 d5 3.exd5 exd5 4.Nf3 Bg4 5.h3 Bh5 6.Bd3 Nf6 7.O-O Be7 8.Nbd2 
O-O 9.c3 c6 10.Qc2 Bg6 11.Bxg6 hxg6 12.Ne5 c5 13.dxc5 Bxc5 14.Nb3 Bd6 15.
Nf3 Nc6 16.Bg5 Qc7 17.Rad1 Rad8 18.Nbd4 a6 19.Rd3 Rd7 20.Bxf6 gxf6 21.Nxc6
bxc6 22.c4 Qb7 23.cxd5 cxd5 24.Rfd1 Rc8 25.Qd2 Bb4 26.Qf4 Be7 27.Rb3 Qa7 
28.Nd4 Rdd8 29.Qf3 Rc4 30.Rbd3 f5 31.b3 Rcc8 32.Qe3 Bc5 33.Qh6 Bf8 34.Qg5 
Be7 35.Qd2 Bf6 36.Nf3 Rc5 37.b4 Rc4 38.Rxd5 Rxd5 39.Qxd5 Rxb4 40.Rd2 Qc7 
41.Qd6 Rb1+ 42.Kh2 Qb6 43.Qd7 Rb2 44.Qe8+ Kg7 45.Rd7 Qb8+ 46.Qxb8 Rxb8 47.
Ra7 Rb6 48.Kg3 g5 49.h4 g4 50.Ng5 Bxg5 51.hxg5 Kg6 52.Kh4 f6 53.gxf6 Kxf6 
54.Kg3 Kg5 1/2-1/2

[Event "8th EUR-ch (w)"]
[Site "Dresden GER"]
[Date "2007.04.08"]
[Round "6"]
[White "Ionica, Iulia-Ionela"]
[Black "Shmirina, Evgenija"]
[Result "1/2-1/2"]
[WhiteElo "2276"]
[BlackElo "2112"]
[EventDate "2007.04.03"]
[PlyCount "111"]

1.e4 e6 2.d4 d5 3.Nd2 Nf6 4.e5 Ng8 5.Bd3 c5 6.c3 Nc6 7.Ne2 Qb6 8.Nf3 Bd7 
9.O-O c4 10.Bc2 f5 11.exf6 gxf6 12.b3 cxb3 13.axb3 O-O-O 14.b4 Bd6 15.Ba3 
Nce7 16.Ba4 Kb8 17.Bxd7 Rxd7 18.Qa4 Rd8 19.Nd2 Ng6 20.b5 Bxa3 21.Rxa3 N8e7
22.c4 Nc8 23.c5 Qc7 24.b6 Qd7 25.bxa7+ Ka8 26.Nc3 Qxa4 27.Rxa4 e5 28.Nb5 
Rd7 29.Rb1 Nge7 30.Nb3 Nc6 31.Rba1 Rg8 32.Na5 N8e7 33.Nb3 Nc8 34.h3 Rgg7 
35.Kf1 Rg8 36.Nc1 Re8 37.Ne2 N8e7 38.R4a3 Nxd4 39.Nbxd4 exd4 40.Nxd4 Rc8 
41.Nb3 d4 42.Rd1 d3 43.Ra4 Rc6 44.Rc4 Kxa7 45.Rc3 Ng6 46.Rcxd3 Rxd3 47.
Rxd3 Ne5 48.Rd5 Rc7 49.Ke2 Ka6 50.f4 Nc6 51.Rd6 Kb5 52.Rxf6 Kc4 53.Nd2+ 
Kxc5 54.g4 b5 55.Nb3+ Kb4 56.Nd2 1/2-1/2

[Event "8th EUR-ch (w)"]
[Site "Dresden GER"]
[Date "2007.04.08"]
[Round "6"]
[White "Pertlova, Sona"]
[Black "Golubenko, Valentina"]
[Result "0-1"]
[WhiteElo "2171"]
[BlackElo "2271"]
[EventDate "2007.04.03"]
[PlyCount "88"]

1.Nf3 Nf6 2.g3 g6 3.Bg2 Bg7 4.c4 O-O 5.O-O d6 6.d4 c6 7.Nc3 Bf5 8.Ne1 Be6 
9.d5 cxd5 10.cxd5 Bd7 11.h3 Na6 12.Nd3 Nc7 13.e4 Qc8 14.Kh2 Nb5 15.Ne2 e6 
16.Be3 exd5 17.exd5 Bf5 18.Rc1 Qd7 19.a4 Nc7 20.Nc3 Rfe8 21.Bd4 Ne4 22.
Bxg7 Kxg7 23.Nf4 Nxc3 24.Rxc3 Qd8 25.Qd4+ Kg8 26.g4 Bd7 27.Nh5 gxh5 28.
gxh5 f6 29.Rg1 Rc8 30.Be4+ Kh8 31.Rcg3 Qe7 32.Bb1 Rg8 33.Bg6 hxg6 34.hxg6 
Kg7 35.Re3 Qf8 36.Re4 Rh8 37.Rg3 Re8 38.Rh4 Rxh4 39.Qxh4 Qh8 40.Qc4 Na6 
41.b4 Re5 42.Kg1 Bxh3 43.Qc3 Bf5 44.f4 Re2 0-1

[Event "8th EUR-ch (w)"]
[Site "Dresden GER"]
[Date "2007.04.08"]
[Round "6"]
[White "Makropoulou, Marina"]
[Black "Von Herman, Brigitte"]
[Result "1-0"]
[WhiteElo "2268"]
[BlackElo "2070"]
[EventDate "2007.04.03"]
[PlyCount "49"]

1.e4 e5 2.Nf3 Nc6 3.d4 exd4 4.Nxd4 Bc5 5.Nb3 Bb6 6.Nc3 a6 7.Nd5 Qh4 8.Nxb6
Qxe4+ 9.Be2 cxb6 10.O-O Nge7 11.Re1 Qh4 12.Be3 b5 13.Bc5 O-O 14.Bd6 Re8 
15.Bf3 Nd8 16.Nc5 Ne6 17.Nxb7 Bxb7 18.Bxb7 Ra7 19.Bf3 h6 20.c3 Rd8 21.a4 
bxa4 22.Rxa4 Qf6 23.Be5 Qf5 24.Be4 Qg5 25.h4 1-0

[Event "8th EUR-ch (w)"]
[Site "Dresden GER"]
[Date "2007.04.08"]
[Round "6"]
[White "Norinkeviciute, Rasa"]
[Black "Guramishvili, Sopiko"]
[Result "1/2-1/2"]
[WhiteElo "2048"]
[BlackElo "2267"]
[EventDate "2007.04.03"]
[PlyCount "105"]

1.c4 g6 2.g3 Bg7 3.Bg2 f5 4.Nc3 Nf6 5.d3 O-O 6.e4 d6 7.Nge2 c6 8.O-O fxe4 
9.dxe4 Be6 10.b3 Nbd7 11.Bb2 Nc5 12.Qc2 Qc8 13.Nf4 Bd7 14.Nd3 Nxd3 15.Qxd3
Bh3 16.Ne2 Bxg2 17.Kxg2 Qe6 18.f3 Rad8 19.Nf4 Qf7 20.Qe2 g5 21.Nh3 Qg6 22.
Nf2 Nd7 23.Bxg7 Qxg7 24.Rad1 Rf7 25.Nd3 Rdf8 26.Kh1 Ne5 27.Nxe5 Qxe5 28.
Kg2 h5 29.Qe3 a6 30.Qd4 Qe6 31.Qe3 Rg7 32.Rd3 h4 33.Rd2 Rf6 34.Rdf2 hxg3 
35.hxg3 Rh6 36.Kg1 Rh3 37.Rg2 Qe5 38.Kf2 Qf6 39.Rd1 Qf8 40.e5 Rh6 41.exd6 
exd6 42.Rd4 Rf6 43.f4 Qd8 44.Re4 Rf8 45.Kg1 d5 46.cxd5 cxd5 47.Re5 Qf6 48.
Rxg5 Rxg5 49.fxg5 Qa1+ 50.Kh2 Qh8+ 51.Kg1 Qa1+ 52.Kh2 Qh8+ 53.Kg1 1/2-1/2

[Event "8th EUR-ch (w)"]
[Site "Dresden GER"]
[Date "2007.04.08"]
[Round "6"]
[White "Steil-Antoni, Fiona"]
[Black "Karlovich, Anastazia"]
[Result "0-1"]
[WhiteElo "2018"]
[BlackElo "2266"]
[EventDate "2007.04.03"]
[PlyCount "49"]

1.e4 e5 2.Nf3 Nc6 3.d4 exd4 4.Nxd4 Qf6 5.Be3 Bc5 6.c3 Nge7 7.g3 h5 8.h3 b6
9.Bg2 Bb7 10.O-O O-O-O 11.a3 d5 12.Nxc6 Qxc6 13.Bxc5 Qxc5 14.Qa4 Bc6 15.
Qc2 d4 16.b4 Qc4 17.Re1 h4 18.g4 Ng6 19.Qd2 Rhe8 20.f3 Ne5 21.Rf1 g5 22.a4
f6 23.Kh2 Qxf1 24.Bxf1 Nxf3+ 25.Kg2 0-1

[Event "8th EUR-ch (w)"]
[Site "Dresden GER"]
[Date "2007.04.08"]
[Round "6"]
[White "Wilson, Alexandra"]
[Black "Kopinits, Anna-Christina"]
[Result "1-0"]
[WhiteElo "2034"]
[BlackElo "2198"]
[EventDate "2007.04.03"]
[PlyCount "75"]

1.e4 c5 2.Nf3 Nc6 3.Bb5 g6 4.O-O Bg7 5.c3 Nf6 6.Re1 O-O 7.d4 cxd4 8.cxd4 
d5 9.e5 Ne4 10.Bxc6 bxc6 11.Nbd2 Nxd2 12.Bxd2 Qb6 13.b3 Bg4 14.Be3 a5 15.
h3 Bxf3 16.Qxf3 a4 17.Reb1 Rfb8 18.b4 a3 19.Rb3 e6 20.Qe2 Bf8 21.Rab1 Ra4 
22.Qc2 Qa6 23.Bd2 Qc4 24.Rc3 Raxb4 25.Rxb4 Qxb4 26.Rb3 Qa4 27.Rxb8 Qxc2 
28.Bh6 Qb1+ 29.Rxb1 Bxh6 30.Kf1 Bd2 31.Rb3 Bc1 32.Ke2 h5 33.Rb6 Bb2 34.Kd3
c5 35.dxc5 Bxe5 36.Rb3 Kf8 37.Rxa3 Ke8 38.Ra7 1-0

[Event "8th EUR-ch (w)"]
[Site "Dresden GER"]
[Date "2007.04.08"]
[Round "6"]
[White "Makka, Ioulia"]
[Black "Danelia, Mariam"]
[Result "0-1"]
[WhiteElo "2185"]
[BlackElo "2056"]
[EventDate "2007.04.03"]
[PlyCount "104"]

1.e4 c5 2.Nc3 d6 3.Nge2 Nc6 4.d4 cxd4 5.Nxd4 Nf6 6.g3 e5 7.Nde2 Be7 8.Bg2 
O-O 9.O-O a6 10.a4 b6 11.h3 Bb7 12.Be3 Qc7 13.g4 Nb4 14.Rc1 Rfd8 15.Nd5 
Nbxd5 16.exd5 b5 17.axb5 axb5 18.Nc3 b4 19.Ne2 Ra2 20.c3 Qa5 21.cxb4 Qxb4 
22.Rc7 Rd7 23.Rxd7 Nxd7 24.Nc1 Ra8 25.b3 Bd8 26.Kh1 Bb6 27.Bd2 Qb5 28.Bc3 
Nf6 29.Bb2 Bxd5 30.Bxd5 Nxd5 31.Kg1 Re8 32.Ne2 Bc5 33.Nc3 Nxc3 34.Bxc3 Rb8
35.Kg2 Qxb3 36.Qc1 Qd5+ 37.Kh2 Rb3 38.Qc2 Qc4 39.Ra1 Ba3 40.Rb1 Rxb1 41.
Qxb1 h6 42.Qb8+ Kh7 43.Qb1+ g6 44.Qb7 Qf4+ 45.Kg2 Bc5 46.Be1 Kg7 47.Qd5 
Qd4 48.Qf3 Bb4 49.Bxb4 Qxb4 50.h4 Qd2 51.Qe4 Qf4 52.Qe2 d5 0-1

[Event "8th EUR-ch (w)"]
[Site "Dresden GER"]
[Date "2007.04.08"]
[Round "6"]
[White "Lauterbach, Ingrid"]
[Black "Sautter, Elke"]
[Result "1-0"]
[WhiteElo "2142"]
[BlackElo "2046"]
[EventDate "2007.04.03"]
[PlyCount "155"]

1.Nf3 e6 2.g3 c5 3.c4 Nc6 4.Bg2 d5 5.O-O Nf6 6.cxd5 exd5 7.d4 Qb6 8.dxc5 
Bxc5 9.Nc3 Qd8 10.Bg5 d4 11.Bxf6 Qxf6 12.Ne4 Qe7 13.Nxc5 Qxc5 14.Qd2 O-O 
15.Rfc1 Qe7 16.Nxd4 Nxd4 17.Qxd4 Rd8 18.Qc4 Be6 19.Qf4 Rd7 20.Rc3 Rad8 21.
Bf1 Bd5 22.Rd3 Bc6 23.Rxd7 Qxd7 24.f3 Qe7 25.Re1 g5 26.Qc1 h6 27.a3 a6 28.
Qc3 Rd6 29.Bh3 Qd8 30.Bf5 Rd2 31.Kf1 Qd4 32.Qxd4 Rxd4 33.Rb1 Kg7 34.Ke1 
Kf6 35.g4 Ke5 36.Rd1 Rxd1+ 37.Kxd1 b6 38.Kd2 a5 39.Bc2 f6 40.Bd1 Bb5 41.e3
Bc4 42.Bc2 Bd5 43.Ke2 Bc4+ 44.Kf2 Bd5 45.Kg3 Bc6 46.f4+ Kd6 47.e4 Kc5 48.
e5 fxe5 49.f5 Bd5 50.Kf2 Kd6 51.Ke3 Ke7 52.Be4 Bc4 53.Kd2 Kd6 54.Bf3 Bf7 
55.Kc3 Kc5 56.Be4 Bg8 57.Bb7 Bf7 58.Bc8 Bg8 59.Bd7 Bf7 60.b3 Kd6 61.Bb5 
Kc5 62.Bd3 b5 63.b4+ axb4+ 64.axb4+ Kc6 65.Be2 Be8 66.Bf3+ Kd6 67.Kd3 Bf7 
68.Ke3 Bb3 69.Be2 Ba4 70.Bd3 Kd5 71.h3 Kd6 72.Ke4 Bb3 73.Bxb5 Bd5+ 74.Ke3 
Bg2 75.Bc4 e4 76.Kf2 Bf3 77.Be2 Bh1 78.Kf1 1-0

[Event "8th EUR-ch (w)"]
[Site "Dresden GER"]
[Date "2007.04.08"]
[Round "6"]
[White "Ziemann, Nadine"]
[Black "Fuchs, Judith"]
[Result "1/2-1/2"]
[WhiteElo "1989"]
[BlackElo "2132"]
[EventDate "2007.04.03"]
[PlyCount "45"]

1.e4 c5 2.Nf3 Nc6 3.d4 cxd4 4.Nxd4 Nf6 5.Nc3 d6 6.Be2 e5 7.Nb3 Be6 8.O-O 
Be7 9.Kh1 d5 10.exd5 Nxd5 11.Nxd5 Bxd5 12.c4 Be6 13.Qxd8+ Rxd8 14.Be3 O-O 
15.Rad1 Rxd1 16.Rxd1 Rd8 17.Rxd8+ Bxd8 18.Nc5 Bc8 19.Bf3 Bb6 20.a3 Kf8 21.
Ne4 Bxe3 22.fxe3 Ke7 23.c5 1/2-1/2

[Event "8th EUR-ch (w)"]
[Site "Dresden GER"]
[Date "2007.04.08"]
[Round "6"]
[White "Schulz, Stefanie"]
[Black "Foisor, Mihaela-Veronica"]
[Result "1-0"]
[WhiteElo "2117"]
[BlackElo "1980"]
[EventDate "2007.04.03"]
[PlyCount "123"]

1.e4 e6 2.d3 d5 3.Nd2 c5 4.Ngf3 Nc6 5.g3 Bd6 6.Bg2 Nge7 7.O-O O-O 8.c3 d4 
9.Nc4 e5 10.cxd4 cxd4 11.Bd2 b5 12.Nxd6 Qxd6 13.Nh4 Be6 14.f4 f6 15.f5 Bd7
16.g4 h6 17.Nf3 Nd8 18.Qb3+ Rf7 19.Bb4 Qb6 20.Bxe7 Nb7 21.Bb4 a5 22.Be1 
Nc5 23.Qd1 b4 24.Rf2 Bb5 25.Bf1 Qa6 26.h4 Nxd3 27.Bxd3 Bxd3 28.Nd2 Rc7 29.
a3 Rc2 30.axb4 a4 31.g5 fxg5 32.hxg5 Rxb2 33.f6 Rf8 34.Rxa4 Qb7 35.Qg4 Bb5
36.Qe6+ Qf7 37.Qxf7+ Rxf7 38.Ra8+ Kh7 39.Rg2 hxg5 40.fxg7 Rxg7 41.Nf3 Rb1 
42.Rh2+ Kg6 43.Nxe5+ Kf6 44.Ng4+ Ke7 45.Ra7+ Bd7 46.Kf1 Rf7+ 47.Ke2 Kf8 
48.Rxd7 Rxd7 49.Bd2 Rb2 50.Nf6 Rg7 51.Kd3 g4 52.Nxg4 Kg8 53.Nh6+ Kh8 54.
Nf5+ Rh7 55.Rxh7+ Kxh7 56.Nxd4 Kg6 57.b5 Kf7 58.Bc3 Rb1 59.Kc2 Rh1 60.b6 
Rh6 61.b7 Rb6 62.Nc6 1-0